000 00357nam a2200145Ia 4500
005 20251222144741.0
008 251222s9999||||xx |||||||||||||| ||spa||
020 _a9789568742072
082 _a636.100.985/H46
100 _aHerrera Aguerrevere, Luis
245 0 _aNuestro Caballos:
250 _a1ra.ed.
264 _bNovum Editorial Ltda.
942 _cLIB
999 _c18954
_d18954